| 000 | 00432nam a2200181Ia 4500 | ||
|---|---|---|---|
| 001 | 14103 | ||
| 005 | 20260306164849.0 | ||
| 008 | 260306t2006||||xx |||||||||||||| ||spa|| | ||
| 041 | _aESP | ||
| 082 |
_a006.6 _bH31 2006 |
||
| 100 |
_aHearn, Donald _eAUT |
||
| 245 | 0 | _aGráficos por computadora con OpenGL | |
| 260 | _c2006 | ||
| 300 |
_a918 páginas : _c25 cm. |
||
| 650 | _aGEN | ||
| 654 | _aCCC | ||
| 942 |
_cLIB _dJUS _fJUS _2ddc _n |
||
| 999 |
_c14103 _d14103 |
||